000
00248nam a2200109Ia 4500
008
190216s9999||||xx |||||||||||||| ||und||
100
_a
Babbni B B
245
0
_a
Modern Type Recording Handbook
260
_b
Babani
650
_a
Physics
942
_c
BK
999
_c
33097
_d
33097